Reglamento de softbol (Registro nro. 10147)

Detalles MARC
000 -CABECERA
Longitud fija campo de control 00558nam a2200205 a 4500
003 - • IDENTIFICADOR DELl NÚMERO DE CONTROL
Identificador del número de control CO-ViMGA
008 - • CÓDIGOS DE INFORMACIÓN DE LONGITUD FIJA
Códigos de información de longitud fija 141112s2004 ck r 000 u spa d
040 ## - FUENTE DE LA CATALOGACIÓN
Centro catalogador de origen CO-ViMGA
Lengua de catalogación spa
Centro transcriptor CO-ViMGA
082 04 - • NÚMERO DE LA CLASIFICACIÓN DECIMAL DEWEY
Número de clasificación (R) R796.3578 P373
100 1# - • PUNTO DE ACCESO PRINCIPAL-NOMBRE DE PERSONA
Nombre de persona Perea, Rosero Tucidides
245 10 - • TITULO PROPIAMENTE DICHO
Título Reglamento de softbol
250 ## - • MENCIÓN DE EDICIÓN
Mención de edición 2a
300 ## - • DESCRIPCIÓN FÍSICA
Extensión 205 p : il
490 0# - • MENCIÓN DE SERIE
Mención de serie Reglamentos deportivos, 12
590 ## - NOTAS LOCALES
Nota local Datos de inventario : 05461
650 14 - • PUNTO DE ACCESO ADICIONAL DE MATERIA - TÉRMINO DE MATERIA
Término de materia o nombre geográfico como elemento inicial SOFTBOL - REGLAMENTOS
942 ## - ENTRADA DE ELEMENTOS AGREGADOS (KOHA)
Fuente de clasificaión o esquema Dewey Decimal Classification
Koha [por defecto] tipo de item LIbro
Existencias
Perdido Fuente de clasificación o esquema Estado Físico No para préstamo Forma de adquisición Localización permanente Localización actual Fecha adquisición Préstamos totales Signatura completa Código de barras Fecha última consulta Número de copia Fecha del precio de reemplazo Tipo de item de Koha Serie de enumeración / cronolog&íacute;a
  Dewey Decimal Classification     Sala General Biblioteca Barrio Porfia - Villavicencio Biblioteca Barrio Porfia - Villavicencio 02/23/2016   R796.3578 P373 54071 05/15/2018 Ej. 2 02/23/2016 LIbro  
  Dewey Decimal Classification     Sala General Biblioteca Comunitaria - Villavicencio Biblioteca Comunitaria - Villavicencio 02/23/2016   R796.3578 P373 29716 02/23/2016 Ej. 2 02/23/2016 LIbro  
  Dewey Decimal Classification     Sala General Segundo Piso Biblioteca Pública Germán Arciniegas - Villavicencio Biblioteca Pública Germán Arciniegas - Villavicencio 12/04/2015   R796.3578 P373 5407 12/04/2015 Ej. 1 12/04/2015 LIbro Volumen. 1 | 11/jun/2009









Instituto Departamental de Cultura del Meta - Red Departamental de Bibliotecas Públicas del Meta.